THE BASICS OF DIGITAL FORENSICS (Record no. 216818)
[ view plain ]
| 000 -LEADER | |
|---|---|
| fixed length control field | 00532nam a22001697a 4500 |
| 008 - FIXED-LENGTH DATA ELEMENTS--GENERAL INFORMATION | |
| fixed length control field | 260309b |||||||| |||| 00| 0 eng d |
| 020 ## - INTERNATIONAL STANDARD BOOK NUMBER | |
| International Standard Book Number | 978-0-12-801635-0 |
| 100 ## - MAIN ENTRY--PERSONAL NAME | |
| Personal name | SAMMONS, JOHN |
| 245 ## - TITLE STATEMENT | |
| Title | THE BASICS OF DIGITAL FORENSICS |
| Remainder of title | THE PRIMER OF GETTING STARTED IN DIGITAL FORENSICS |
| 250 ## - EDITION STATEMENT | |
| Edition statement | 2ND ED |
| 260 ## - PUBLICATION, DISTRIBUTION, ETC. | |
| Place of publication, distribution, etc. | WALTHAM, USA |
| Name of publisher, distributor, etc. | ELSEVIER |
| Date of publication, distribution, etc. | 2015 |
| 300 ## - PHYSICAL DESCRIPTION | |
| Extent | XIX, 180P. |
| 500 ## - GENERAL NOTE | |
| General note | INCLUDES INDEX |
| 650 ## - SUBJECT ADDED ENTRY | |
| Topical term or geographic name entry element | 1. COMPUTER CRIMES - INVESTIGATION 2. DIGITAL FORENSIC SCIENCE |
| 942 ## - ADDED ENTRY ELEMENTS (KOHA) | |
| Source of classification or shelving scheme | Library of Congress Classification |
| Koha item type | Long Loan Book |
| Withdrawn status | Lost status | Source of classification or shelving scheme | Damaged status | Not for loan | Collection | Home library | Current library | Shelving location | Date acquired | Inventory number | Total checkouts | Full call number | Barcode | Date last seen | Copy number | Price effective from | Koha item type |
|---|---|---|---|---|---|---|---|---|---|---|---|---|---|---|---|---|---|
| Library of Congress Classification | Arts & Social Sciences | Kisii University Library | Kisii University Library | On Display | 03/09/2026 | 111066 | HV 8079 .C65 S26 2015 | A000806 | 03/09/2026 | 1 | 03/09/2026 | Long Loan Book | |||||
| Library of Congress Classification | Arts & Social Sciences | Kisii University Library | Kisii University Library | On Display | 03/09/2026 | 111067 | HV 8079 .C65 S26 2015 | A000807 | 03/09/2026 | 2 | 03/09/2026 | Long Loan Book | |||||
| Library of Congress Classification | Arts & Social Sciences | Kisii University Library | Kisii University Library | On Display | 03/09/2026 | 111068 | HV 8079 .C65 S26 2015 | A000808 | 03/09/2026 | 3 | 03/09/2026 | Long Loan Book | |||||
| Library of Congress Classification | Arts & Social Sciences | Kisii University Library | Kisii University Library | On Display | 03/09/2026 | 111069 | HV 8079 .C65 S26 2015 | A000810 | 03/09/2026 | 4 | 03/09/2026 | Long Loan Book |